Statistics for THE ULTIMATE HEROES OF OLYMPUS QUIZ

Click here to take the quiz!

General Stats

  • This quiz has been taken 354 times
  • The average score is 23 of 33

Answer Stats

HintAnswer% Correct
Son of PoseidonPercy Jackson
96%
Daughter of AthenaAnnabeth Chase
95%
His father's Roman FormNeptune
91%
In The Son of Neptune, what god was the giant Alcyoneus built to oppose?Hades
90%
Son of JupiterJason Grace
89%
Son of HephaestusLeo Valdez
88%
His father's Greek FormZeus
87%
Her father's Greek FormHades
86%
His mother's full nameSally Jackson
86%
Son of MarsFrank Zhang
85%
Daughter of PlutoHazel Levesque
83%
Daughter of AphroditePiper McLean
82%
Her mother's Roman FormMinerva
81%
His father's Greek FormAres
80%
Son of HadesNico DiAngelo
79%
In The Lost Hero, what was the name of the snow goddess that allied with Gaea?Khione
76%
His father's Roman FormVulcan
76%
Her father's Roman FormPluto
75%
His father's Roman FormPluto
75%
In The House of Hades, who closed the Doors of Death on The Tartarus Side?Iapetus, or Bob
70%
Daughter of BellonaReyna Avila Ramírez-Arellano
68%
Her mother's Roman FormVenus
68%
Daughter of HadesBianca DiAngelo
55%
Her father's full nameTristan McLean
54%
His mother's full nameMaria DiAngelo
51%
Her mother's full nameMaria DiAngelo
51%
Her father's full nameFrederick Chase
45%
His mother's full nameEsperanza Valdez
40%
Her mother's full nameMarie Levesque
39%
His mother's full nameEmily Zhang
31%
In The Mark of Athena, what were the names of the twin giants that trapped Nico?Otis and Ephialtes
29%
His mother's full nameBeryl Grace
25%
In The Blood of Olympus, whose blood was dropped to awaken Gaea?Annabeth Chase and Percy Jackson's Blood
24%

Score Distribution

Percentile by Number Answered

Percent of People with Each Score

Your Score History

You have not taken this quiz